| 000 | 00815cam a2200205 4500 | ||
|---|---|---|---|
| 001 | ABS66478 | ||
| 008 | 030307n2003 000 0 eng u | ||
| 035 | _a(Sirsi) u121563 | ||
| 100 | _aHickish, L. | ||
| 245 | _aShould you diversify? | ||
| 260 | _c2003 | ||
| 490 |
_aSouth East Farmer _vFebruary 2003, 39-41(2) |
||
| 520 | _aSummarises the options open to farmers thinking of diversifying. Briefly considers the typical questions that need to be asked or considered before going in for an alternative source of income, such as posssible restrictions of tenancies, planning uses, planning consent, viability of scheme and funding. | ||
| 590 | _aABS | ||
| 650 | _aFARM DIVERSIFICATION | ||
| 650 | _aRURAL ECONOMY | ||
| 650 | _aRURAL REGENERATION | ||
| 690 | _aRURAL-FARM BUSINESS MANAGEMENT | ||
| 942 | _n0 | ||
| 999 |
_c72260 _d72260 |
||